Szczegóły MARC21

Schreibschule : neue deutsche Prosa /

003 -Nazwa inst., której nr kontr. jest w polu 001 [,]
    • @
    • Nazwa instytucji, której n kontrolny jest w polu 001
    • NUKAT
005 -DATA I CZAS OSTATNIEJ MODYFIKACJI [,]
    • @
    • pole kontrolne
    • 20241231092419.0
020 -Międzynarod. znormalizowany nr książki - ISBN [ , ]
    • a
    • Numer ISBN
    • 3596223679 Find
040 -Instytucja sporządzająca opis [ , ]
    • a
    • Instytucja, która sporządziła opis (NP)
    • TOR U/kn
    • b
    • Język katalogowania
    • pol
    • e
    • Zasady katalogowania
    • rda
    • c
    • Instytucja, która sporządziła rekord (NP)
    • TOR U/kn
    • d
    • Instytucja, która zmodyfikowała rekord (P)
    • TOR U/kn
    • d
    • Instytucja, która zmodyfikowała rekord (P)
    • SZCZ U/ABs
942 -Rodzaj dokumentu [ , ]
    • c
    • Rodzaj dokumentu
    • Książka
245 -Strefa tytułu i oznaczenia odpowiedzialności [0,0]
    • a
    • Tytuł
    • Schreibschule : Find
    • b
    • Ciąg dalszy tytułu (NP)
    • neue deutsche Prosa / Find
    • c
    • Pozostałe elementy strefy tytułu i oznaczenia odpowiedzialności (NP)
    • angeregt, betreut und herausgegeben von Walter Jens.
250 -Strefa wydania [ , ]
    • a
    • Oznaczenie wydania (NP)
    • Originalausgabe.
260 -Strefa adresu wydawniczego [ , ]
    • a
    • Miejsce wydania (P)
    • Frankfurt am Main :
    • b
    • Nazwa wydawcy (P)
    • Fischer,
    • c
    • Data wydania (P)
    • 1991.
300 -Strefa opisu fizycznego [ , ]
    • a
    • Określenie formy książki i/lub objętość (NP)
    • 243, [1] strona ;
    • c
    • Format (NP)
    • 19 cm.
336 -Typ zawartości [ , ]
    • a
    • Termin opisujący typ zawartości
    • Tekst
    • b
    • Kod określający zawartość
    • txt
    • 2
    • Źródło (terminu i kodu)
    • rdacontent
337 -Typ mediów [ , ]
    • a
    • Tryb odtwarzania
    • Bez urządzenia pośredniczącego
    • b
    • Kod typu mediów
    • n
    • 2
    • Źródło (terminu i kodu)
    • rdamedia
338 -Typ/rodzaj nośnika [ , ]
    • a
    • Hasło opisujące typ nośnika
    • Wolumin
    • b
    • Kod typu nośnika
    • nc
    • 2
    • Źródło (terminu i kodu)
    • rdacarrier
490 -Strefa serii i książki wielotomowej - forma nie do wyszukiwania [1, ]
    • a
    • Tytuł (P)
    • Collection S. Fischer ; Find
    • v
    • Numeracja (P)
    • Bd. 2367
830 -Hasło dodatkowe serii i opisu książki wielotomowej - tytuł ujednolicony/tytuł [ ,0]
    • a
    • Tytuł ujednolicony/tytuł (NP)
    • Kollektion S. Fischer
    • v
    • Oznaczenie tomu (NP)
    • Bd. 2367
    • 9
    • KHW
    • 502269
655 -Hasło w funkcji tematu formalnego [ ,7]
    • a
    • Hasło
    • Proza niemiecka
    • y
    • Określnik chronologiczny
    • 1970-1990
    • v
    • Określnik formy
    • antologie.
    • 2
    • Źródło terminu
    • kaba
    • 9
    • KHW
    • 597208
700 -Hasło dodatkowe - nazwa osobowa [1, ]
    • a
    • Nazwa osobowa (NP)
    • Jens, Walter Find
    • d
    • Daty biograficzne (NP)
    • (1923-2013).
    • e
    • Określenie rodzaju współpracy
    • Redakcja
    • 9
    • KHW
    • 238849
710 -Hasło dodatkowe - nazwa ciała zbiorowego [2, ]
    • a
    • Nazwa ciała zbiorowego lub nazwa geograficzna jako pierwszy element (NP)
    • Fischer Taschenbuch Verlag.
    • e
    • Rodzaj współpracy
    • Wydawca
    • 4
    • Kod relacji
    • pbl
    • 9
    • KHW
    • 68672
920 -ISBN [ , ]
    • a
    • ISBN
    • 3-596-22367-9 Find
Status udost. Sygnatura Data inwentaryzacji Lokalizacja Numer inwentarzowy
-3Germ. Antologie 572021-05-31BMBJM.135